000 00738nam a2200265Ia 4500
001 9893
005 20240113234235.0
007 ta
008 050729s2002 a g b000 u eng u
020 _cHB
040 _aCotton College,Assam
041 _aeng
082 _a371.1
_bBh 469 Pr
100 _aBhatiya, R.L. .
245 0 _aPrinciples of Educational Technology and Their Application /
_cR.L.Bhatia & B.N. Bhatiya.
_hTextual Documents
250 _a2nd ed. /
260 _aDelhi :
_bSurjeet Publications ,
_c2002.
300 _a247p. :
_bill. ;
_c21cm .
653 _aEducational Technology
653 _aPG-Education
700 _aBhatiya, B.N. .
942 _2ddc
_cBK
999 _c9880
_d9880